Liedtext - Nur ein Wort - Wir sind Helden - Statistiken

Allgemein
  • Dieses Quiz wurde 965 mal gespielt
  • Das Durchschnittsergebnis liegt bei 351 aus 427
Antwortstatistiken
Textquiz % Korrekt
ein
98%
wo
98%
nur
97%
Wort
97%
mir
96%
gib
95%
du
94%
bitte
93%
Bitte
93%
Ich
92%
ich
92%
Oh
90%
oh
90%
A
88%
den
87%
nich'
82%
nicht
81%
was
80%
bis
78%
Die
78%
die
78%
denkst
77%
dich
77%
hab'
77%
Z
77%
fühlst
76%
will
76%
sehe
75%
in
74%
In
74%
auf
73%
denke
73%
dein
72%
Dein
72%
dann
71%
fühle
71%
hör'
71%
Wenn
71%
Aber
70%
meinen
70%
schon
70%
schön
70%
Und
70%
und
70%
Worte
70%
Warum
69%
willst
69%
deine
68%
Dir
67%
Wörterbuch
67%
Es
65%
es
65%
Mund
65%
der
64%
musst
64%
an
63%
fall'n
63%
gelieh'n
63%
deinen
62%
Ohr
62%
wie
62%
Wie
62%
ins
61%
ist
61%
geschrien
59%
Kopf
57%
mich
57%
Welt
54%
Beinen
53%
häng'
53%
so
53%
am
52%
große
51%
hingeh'n
50%
schlagen
50%
Köpfchen
49%
neigst
49%
tausend
48%
um
48%
meinem
47%
Schweigen
47%
Wellen
47%
Blasen
46%
ganzen
46%
hübsches
46%
kalte
46%
Kragen
46%
Schulter
46%
Wasser
46%
zeigst
46%
zieh'n
46%
Endorphine
45%
Zu
45%
mitten
44%
tiefen
44%
Zelt
44%
Ärmel
43%
schweigst
43%
Stellst
43%
Mädchen
42%
red'
42%
werfen
41%
Blut
40%
wirre
40%
fällt
39%
verrückt
39%
drüber
38%
nachts
37%
Spannst
36%
Gedanken
35%
Schnüre
34%
stumm
34%
Füßen
33%
rasen
33%
lauten
32%
staunst
31%
hinter
28%
stillen
28%
stapel'
27%
Hasenaugen
14%
Keine übereinstimmenden Quizze gefunden
Verteilung der Resultate
Anzahl Personen mit jedem Resultat
Perzentil nach korrekt beantworteten Fragen
Ihre Resultats-Entwicklung
Sie haben dieses Quiz noch nicht gespielt